000 00595nam a2200229Ia 4500
003 OSt
005 20220928103856.0
006 a|||||r|||| 00| 0
007 ta
008 220927b |||||||| |||| 00| 0 eng d
024 _a56019
037 _cTextual
040 _aSDCL
_cSDCL
_beng
041 _2eng
_aeng
082 _aR66,6, M7
100 _aPathak Suhil Madav
_9407392
245 0 _aShrimadbhagvatgeeta .
260 _aVaranasi
_bKishor Vidh Nikatan
_c1987
300 _a246p.
_ccm.
942 _hR66,6, M7
_cTEXL
_2CC
999 _c722908
_d722908